Možnosti využitia alternatívnych zdrojov elektrickej energie na galvanické pokovovanie

Na minha lista:
Detalhes bibliográficos
Autor principal: Zaoralová, Lucia, 1985- (Author)
Outros Autores: Michalíková, Anna, 1955- (Thesis advisor)
Formato: Manuscrito Livro
Idioma:eslovaco
Publicado em: STU v Bratislave MTF UBEI, 2010
Acesso em linha:VAIS
Tags: Adicionar Tag
Sem tags, seja o primeiro a adicionar uma tag!

MARC

LEADER 00000ntm a22000003a 4500
001 stu206188
005 20160719160210.7
008 100702s2010------------------------slo-d
040 |a STU  |b slo 
041 0 |a slo 
100 1 |a Zaoralová, Lucia,  |d 1985-  |4 aut  |X 25112  |7 A000025112 
242 0 0 |a The possibilities of using the alternative sources of electric energy on galvanic plating.  |y eng 
245 1 |a Možnosti využitia alternatívnych zdrojov elektrickej energie na galvanické pokovovanie 
260 |b STU v Bratislave MTF UBEI,  |c 2010 
700 1 |a Michalíková, Anna,  |d 1955-  |4 ths  |u M5000  |U MTF Materiálovotechnologická fakulta  |T MTF Ústav bezpečnosti, environmentu a kvality  |X 2811  |U M5000  |Y 85  |7 A000002811 
856 4 |a info a plný text  |u http://is.stuba.sk/zp/portal_zp.pl?podrobnosti=75597  |3 VAIS 
996 |c M*DP-8984  |l MMSKP  |s P  |a 0  |w stu206188_0001